Bahía Blanca : Una historia de 500 millones de años /
Guardado en:
| Formato: | Libro |
|---|---|
| Idioma: | Spanish |
| Publicado: |
Bahía Blanca :
Universidad,
2008
|
| Etiquetas: |
Agregar Etiqueta
Sin Etiquetas, Sea el primero en etiquetar este registro!
|
| LEADER | 00391nam a22001215a 4500 | ||
|---|---|---|---|
| 001 | DER.der010360 | ||
| 005 | 20101025000000.0 | ||
| 008 | 180615s2008####||||||||||||||||||||spa|| | ||
| 245 | 1 | 0 | |a Bahía Blanca : |b Una historia de 500 millones de años / |c Universidad Nacional del Sur |
| 260 | |a Bahía Blanca : |b Universidad, |c 2008 | ||
| 300 | 0 | |a 25 min. Documental | |
| 309 | |a DVD | ||
| 859 | |a DERECHO |b BIB. DERECHO |p 006420 | ||
